[Event "CP-2019-Q-00009"]
[Site "LSS email"]
[Date "2019.11.27"]
[Round "?"]
[White "Kele, Karoly"]
[Black "Vasek, Vladimir"]
[Result "1-0"]
[WhiteElo "1967"]
[BlackElo "1886"]
[PlyCount "115"]
[EventDate "2019.12.01"]
[EventType "tourn (corr)"]
[EventRounds "6"]
[EventCountry "GER"]
[SourceTitle "Corr 2022"]
[Source "ChessBase"]
[SourceDate "2021.10.24"]
[SourceVersion "1"]
[SourceVersionDate "2021.10.24"]
[SourceQuality "1"]

1. e4 e6 2. d4 d5 3. Nc3 Nf6 4. e5 Nfd7 5. f4 c5 6. Nf3 Nc6 7. Be3 Be7 8. dxc5 Nxc5 9. Be2 0-0 10. 0-0 b6 11. Qe1 f5 12. exf6 Bxf6 13. Rd1 Qe7 14. Bb5 Nb4 15. Rf2 a6 16. Bf1 Nc6 17. g3 Rd8 18. Nd4 Bb7 19. Bg2 Rd6 20. Re2 Qd7 21. Nxc6 Qxc6 22. Bd4 Bxd4+ 23. Rxd4 b5 24. Re3 Rad8 25. Ne2 Qb6 26. c3 Rc8 27. Nc1 a5 28. a3 a4 29. Bf3 Ne4 30. Kg2 g6 31. Rd1 Rf8 32. Nd3 Kg7 33. Ne5 Nc5 34. h4 Nb3 35. Red3 Na5 36. h5 gxh5 37. Qe2 Nc4 38. Rd4 Kg8 39. Rh1 Nxe5 40. Qxe5 Rf5 41. Qe2 Bc6 42. Rxh5 Rxh5 43. Bxh5 Qd8 44. Qe5 Qf8 45. Kf2 Bd7 46. Rd1 Ra6 47. Qg5+ Kh8 48. Rh1 Ra7 49. Bg6 Bc8 50. Qh5 Qf6 51. Bxh7 Re7 52. Rh4 Bd7 53. Bd3+ Kg8 54. Rg4+ Rg7 55. Qh7+ Kf7 56. Rxg7+ Qxg7 57. Qxg7+ Kxg7 58. Ke3 1-0

[Event "CP-2019-Q-00009"]
[Site "LSS email"]
[Date "2019.11.27"]
[Round "?"]
[White "Roques, Pascal"]
[Black "Vasek, Vladimir"]
[Result "1-0"]
[WhiteElo "2366"]
[BlackElo "1886"]
[PlyCount "137"]
[EventDate "2019.12.01"]
[EventType "tourn (corr)"]
[EventRounds "6"]
[EventCountry "GER"]
[SourceTitle "Corr 2022"]
[Source "ChessBase"]
[SourceDate "2021.10.24"]
[SourceVersion "1"]
[SourceVersionDate "2021.10.24"]
[SourceQuality "1"]

1. e4 e6 2. d4 d5 3. e5 c5 4. c3 Nc6 5. Nf3 Qb6 6. a3 c4 7. Nbd2 Na5 8. g3 Bd7 9. Bg2 Ne7 10. h4 Nec6 11. 0-0 Be7 12. Re1 h6 13. Rb1 0-0-0 14. Nh2 Kb8 15. Ng4 Nb3 16. Nxb3 Qxb3 17. Qxb3 cxb3 18. a4 Na5 19. Ra1 Rc8 20. Bf1 Kc7 21. Ne3 Kb6 22. Be2 a6 23. Kg2 Rhg8 24. Nf1 Ka7 25. Be3 g5 26. h5 f5 27. exf6 Bxf6 28. Bd1 Rc4 29. Nd2 Rxa4 30. Rb1 b6 31. Nxb3 Nb7 32. Nd2 Ra2 33. g4 Nd6 34. f3 Kb7 35. Bf2 Nf7 36. Bg3 Rf8 37. Bb3 Ra5 38. Re2 Be7 39. Bc2 Ra2 40. c4 Bd6 41. cxd5 exd5 42. Nf1 Ba4 43. Bxa4 Rxa4 44. Re6 Bf4 45. Rf6 Rxd4 46. Re1 Rc4 47. Re7+ Rc7 48. Rxc7+ Bxc7 49. Bxc7 Kxc7 50. Ne3 d4 51. Nf5 d3 52. Kf2 d2 53. Ke2 d1Q+ 54. Kxd1 Rd8+ 55. Ke2 Re8+ 56. Kf2 Ne5 57. Rxh6 a5 58. Kg3 a4 59. Nd4 Ra8 60. Re6 Nd3 61. Nb5+ Kb7 62. h6 Nxb2 63. Nd6+ Ka6 64. Ne8 Ra7 65. Nf6 a3 66. h7 Rxh7 67. Nxh7 Ka5 68. Re1 Nd3 69. Ra1 1-0